Chanteurs et musiciens en P (par images). - Statistiques

Statistiques générales
  • Ce quiz a été pris 523 fois
  • Le résultat moyen est 13 sur 20
Statistiques - réponses
Par images Réponse % Correct
Vanessa Paradis
94%
Édith Piaf
93%
M Pokora
93%
Elvis Presley
92%
Florent Pagny
89%
Katy Perry
86%
Michel Polnareff
82%
Pink
81%
PNL
81%
Pomme
79%
Prince
78%
Psy
76%
Pitbull
71%
PLK
58%
Luciano Pavarotti
42%
Police
36%
Pop Smoke
31%
Sean Paul
24%
Pink Floyd
21%
Robert Plant
7%
Aucun quiz correspondant
Distribution des résultats
% des personnes avec chaque résultat
Percentile par nombre de réponses
Votre historique - résultats
Vous n’avez pas pris ce quiz